Score 0/22 Timer 02:00
3 Plays Today
Scrambled Word Unscrambled Word % Correct
NUSSUN
96.9%
SAL SEGAVLAS VEGAS
93.2%
SOREROSE
89.9%
LAAMOALAMO
83.5%
GURASSUGAR
79.7%
TOTONCCOTTON
77.2%
TIGFH GRUNHEFIGHT HUNGER
66%
RANGOEORANGE
65.7%
LIDYAOHHOLIDAY
64%
Shared Bond:BOWL GAMES
53%
SATEIFFIESTA
49.4%
Scrambled Word Unscrambled Word % Correct
CLAPAIT NOECAPITAL ONE
48.6%
ISNIGHTINSIGHT
46.7%
RATIYMILMILITARY
39.2%
TAGROGATOR
36.8%
AUTOKCBOUTBACK
34.5%
DICENNEEDENPINDEPENDENCE
33.4%
TRYBILELIBERTY
33.3%
SAPSMOCCOMPASS
32%
MADRE SCOREFARMED FORCES
19.7%
TOTPIESAINPOINSETTIA
10%
RISETINPPPINSTRIPE
9.5%
Remove Ads.
Support Sporcle.
Get the best of Sporcle when you Go Orange. This ad-free experience offers more features, more stats, and more fun while also helping to support Sporcle. Thank you for becoming a member.

You're not logged in!

Compare scores with friends on all Sporcle quizzes.
OR
Log In

Show Comments

Extras

Top Quizzes Today


Score Distribution

Your Account Isn't Verified!

In order to create a playlist on Sporcle, you need to verify the email address you used during registration. Go to your Sporcle Settings to finish the process.

Report this User

Report this user for behavior that violates our Community Guidelines.

Details: